000 00339nam a22001457a 4500
008 210305b ||||| |||| 00| 0 eng d
020 _a9780070082021
041 _aeng
080 _25th
_a510
082 _a510
100 _a36
101 _aMAT
245 _aFourier series and Boundary Value Problems
_cBrown, J. W
942 _2udc
_cBK
999 _c55852
_d55852